<?xml version="1.0" encoding="UTF-8"?>
<marc:record xmlns:marc="http://www.loc.gov/MARC21/slim">
   <marc:leader>00000nam a2200000 a 4500</marc:leader>
   <marc:datafield ind1="1" ind2=" " tag="100">
      <marc:subfield code="a">Hau, Kerstin</marc:subfield>
      <marc:subfield code="4">aut</marc:subfield>
      <marc:subfield code="e">Verfasser/-in</marc:subfield>
   </marc:datafield>
   <marc:datafield ind1=" " ind2=" " tag="653">
      <marc:subfield code="a">Freundschaft</marc:subfield>
   </marc:datafield>
   <marc:datafield ind1=" " ind2=" " tag="653">
      <marc:subfield code="a">Gegensätze</marc:subfield>
   </marc:datafield>
   <marc:datafield ind1=" " ind2=" " tag="653">
      <marc:subfield code="a">Dunkelheit</marc:subfield>
   </marc:datafield>
   <marc:datafield ind1=" " ind2=" " tag="653">
      <marc:subfield code="a">Hellichkeit</marc:subfield>
   </marc:datafield>
   <marc:datafield ind1="0" ind2="0" tag="245">
      <marc:subfield code="a">Das Dunkle und das Helle</marc:subfield>
   </marc:datafield>
   <marc:datafield ind1=" " ind2="1" tag="264">
      <marc:subfield code="b">NordSüd</marc:subfield>
      <marc:subfield code="c">2019</marc:subfield>
   </marc:datafield>
   <marc:datafield ind1="1" ind2=" " tag="520">
      <marc:subfield code="a">Das Struppige hat ein zotteliges Fell und lebt in einem dunklen Land. Es ist traurig, weil es seine Heimat verloren hat. Das Zarte hingegen lebt in einer Welt voller Licht und Farben, doch es ist neugierig auf die dunkle Seite nebenan. Langsam entsteht eine Freundschaft zwischen den beiden gegensätzlichen Charakteren, und vorsichtig wagen sie den Schritt in die jeweils fremde Welt des anderen. 
Kerstin Hau erzählt eine feinsinnige Geschichte von hellen und dunklen Seiten des Lebens und von einer Freundschaft, die Grenzen überwinden kann. Julie Völk hat für dieses Buch eine alte Technik aus den Anfängen der Fotografie, die Cyanotypie, verwendet. Bei diesem Verfahren entstehen Negativeffekte und tiefe Blautöne auf dem Papier.</marc:subfield>
   </marc:datafield>
   <marc:datafield ind1=" " ind2=" " tag="020">
      <marc:subfield code="a">9783314104602</marc:subfield>
      <marc:subfield code="9">9783314104602</marc:subfield>
   </marc:datafield>
</marc:record>
